| 000 | 01231nam0a22003131 4500 | ||
|---|---|---|---|
| 001 | rc\2277640 | ||
| 005 | 20110829191354.4 | ||
| 035 | _a(NLR Aleph) 006557450 | ||
| 090 |
_a6807157 _c6807157 |
||
| 100 | _a20110829d1979 |||y0rusy50 ca | ||
| 101 | 0 | _arus | |
| 102 | _aRU | ||
| 105 | _aa z ||||| | ||
| 200 | 1 |
_aОсобенности формирования гидрогеологических и инженерно-геологических условий Белоруссии _eСб. науч. тр. _fБелорус. н.-и. геол.-развед. ин-т _g[Редкол.: С.П. Гудак (отв. ред.) и др.] |
|
| 210 |
_aМинск _cБелНИГРИ _d1979 |
||
| 215 |
_a171 с. _cсхем. _d20 |
||
| 320 | _aБиблиогр. в конце работ | ||
| 606 |
_aВоды подземные _xФормирование _yБССР _2psbo |
||
| 606 |
_aИнженерная геология _yБССР _2psbo |
||
| 686 |
_aД460я43 _2rubbk |
||
| 686 |
_aД9(233Б)47я43 _2rubbk |
||
| 702 | 1 |
_aГудак _bС. П. _4340 |
|
| 801 | 0 |
_aRU _bNLR _gpsbo |
|
| 801 | 1 |
_aRU _bELAR _2rusmarc |
|
| 852 |
_aNLR _j80-3/3775 |
||
| 899 |
_aRuMoRGB _jБ 80-11/71 |
||
| 899 |
_aRuMoRGB _jБ 80-11/72 |
||
| 942 | _cBOOK | ||
| 980 | _aNB | ||